Kohézny fond
Úloha Kohézneho fondu - pomáhať zaostalejším krajinám znižovať disparity v dosiahnutej úrovni ekonomického a sociálneho rozvoja a stabilizovať ekonomiku. Príprava na vstup do hospodárskej menovej únie, t.j. splnenie konvergenčných kritérií. Podmienky čerpania finančných prostriedkov z Kohézneho fond...
Saved in:
| Main Author: | |
|---|---|
| Format: | Book Chapter |
| Language: | Slovak |
| Subjects: | |
| Tags: |
No Tags, Be the first to tag this record!
|
MARC
| LEADER | 00000nla$a2200000$$$4500 | ||
|---|---|---|---|
| 001 | 0063961 | ||
| 005 | 20240502071739.0 | ||
| 041 | 0 | |a slo | |
| 044 | |a SK | ||
| 245 | 1 | 0 | |a Kohézny fond |c Ľudmila Lipková |
| 520 | |a Úloha Kohézneho fondu - pomáhať zaostalejším krajinám znižovať disparity v dosiahnutej úrovni ekonomického a sociálneho rozvoja a stabilizovať ekonomiku. Príprava na vstup do hospodárskej menovej únie, t.j. splnenie konvergenčných kritérií. Podmienky čerpania finančných prostriedkov z Kohézneho fondu. Diferenciácia názorov na financovanie zaostalejších štátov Európskej únie. Odporcovia financovania. | ||
| 610 | 2 | 0 | |a Európska únia |
| 610 | 2 | 0 | |a spolupráca hospodárska medzinárodná |
| 610 | 2 | 0 | |a financovanie |
| 610 | 2 | 0 | |a financie |
| 610 | 2 | 0 | |a fond kohézny |
| 610 | 2 | 0 | |a rozvoj hospodársky |
| 610 | 2 | 0 | |a projekty |
| 100 | 1 | |a Lipková, Ľudmila | |